000 00249nam a2200109Ia 4500
008 190216s9999||||xx |||||||||||||| ||und||
100 _aRavi Chopra
245 0 _aBbs
260 _bGalgotia Publication Pvt Ltf
_c1998
300 _a1234p
942 _cREF
999 _c36566
_d36566